La filosofía del humanismo: preeminencia de la palabra
Uloženo v:
| Hlavní autor: | |
|---|---|
| Médium: | Kniha |
| Jazyk: | španělština |
| Vydáno: |
Barcelona
Anthropos
1993
|
| Vydání: | 1a. ed |
| Edice: | Colección Autores Textos y Temas Humanismo, 1
|
| Témata: | |
| Tagy: |
Přidat tag
Žádné tagy, Buďte první, kdo vytvoří štítek k tomuto záznamu!
|
MARC
| LEADER | 00000cam a2200000 a 4500 | ||
|---|---|---|---|
| 001 | UCU7394 | ||
| 003 | CL-VaPUC | ||
| 008 | 960705e19930000SP |||||||||||||||||spa|d | ||
| 020 | |a 8476583885 | ||
| 082 | 0 | 4 | |a 144 |b GRA |2 21 |
| 100 | |a Grassi, Ernesto |e author |9 389 | ||
| 245 | 1 | 3 | |a La filosofía del humanismo: preeminencia de la palabra |
| 250 | |a 1a. ed | ||
| 300 | |a 207 p | ||
| 942 | |c BK | ||
| 945 | |d 19960705 00:00:00 |a rbrito | ||
| 260 | |a Barcelona |b Anthropos |c 1993 | ||
| 650 | 0 | |a Humanismo |9 256530 | |
| 650 | 7 | |a HISTORIA DE LA FILOSOFIA SIGLOS 14-16 |2 CL-VaPUC |9 366204 | |
| 583 | |a last modification |c 20180412 03:38:34 |k Rodrigo Vera | ||
| 490 | 0 | |a Colección Autores Textos y Temas Humanismo, 1 | |
| 999 | |c 250049 |d 250047 | ||
| 952 | |0 0 |1 0 |4 0 |6 144_000000000000000_GRA_1993 |7 0 |8 P |9 267785 |a BIBARQ |b BIBARQ |d 2019-11-19 |i 3210774 |o 144 GRA 1993 |p 3210774 |r 2025-01-20 |w 2019-11-19 |y BK |k ARQ | ||
| 952 | |0 0 |1 0 |3 erb |4 0 |6 144_000000000000000_GRA_1993 |7 0 |8 A |9 267786 |a BIBEDU |b BIBEDU |i 5465826 |l 4 |m 3 |o 144 GRA 1993 |p 5465826 |r 2023-12-11 |s 2023-11-20 |w 2019-11-19 |y BK |z Catalogado en:20180413 |k FIL | ||